| 000 | 00499cam a22001337a 4500 | ||
|---|---|---|---|
| 008 | 180718b1998 xxu||||| |||| 00| 0 eng d | ||
| 082 | _aB136x593 Sh61 | ||
| 100 | _aShigetomi, Shin'ichi | ||
| 245 |
_aCooperation and community in rural Thailand: an organizational analysis of participatory rural development _cby Shin'ichi Shigetomi |
||
| 260 |
_aTokyo _bInstitute of Developing Economic _c1998 |
||
| 300 | _a148p. | ||
| 650 | _aVillage communities - Thailand | ||
| 650 | _aRural development - Thailand | ||
| 999 |
_c486344 _d486344 |
||